00501nam a2200157Ia 4500008004100000041000800041082001500049100001200064245004500076260002900121300003100150365001100181440000600192999001500198952013000213240624s9999 xx 000 0 und d aeng a346.07 TAX aTAXMANN aCOMPANIES ACT WITH SEBI RULES REGULATION c2007aNew DelhibTaxmann axli, : 999 : p. : cm. ; 25 cRSb20 v1 c5163d5163 00104070aIMTNbIMTNcRack 13-Bd2007-05-11eTASPLg1175.00n4457o346.07 TAXp5163r2024-06-24 00:00:00t1w2024-06-24yBK